02286nam a22002537a 450000500170000000800410001702000180005804000070007604100120008308200170009510000270011224500420013926000530018130000260023436500600026052014000032065000230172065000340174365000310177765000190180894200120182799900190183995201740185820250626092437.0250626b |||||||| |||| 00| 0 eng d a9788129135087 cAL aEnglish a347.54bGANL aAsok K Ganguly9216168 aLandmark Judgments that changed India aNew DelhibRupa publications India pvt ltdc2022 a145 p.bHBc22x15 cm. aKSCR-000225b₹400.00c₹d₹500.00e20%f20-06-2025 aThe executive, the legislature and the judiciary are the three branches of government, both state and central, in India. Of these, it is the judiciary’s task to uphold constitutional values and ensure justice for all. The interpretation and application of constitutional values by the judicial system has had far-reaching impact, often even altering provisions of the Constitution itself. Although our legal system was originally based on the broad principles of the English common law, over the years it has been adapted to Indian traditions and been changed, for the better, by certain landmark verdicts.In Landmark Judgments that Changed India, former Supreme Court judge and eminent jurist Asok Kumar Ganguly analyses certain cases that led to the formation of new laws and changes to the legal system. Discussed in this book are judgments in cases such as Kesavananda Bharati v. State of Kerala that curtailed the power of Parliament to amend the Constitution; Maneka Gandhi v. Union of India and Others that defined personal liberty; and Golaknath v. State of Punjab, where it was ruled that amendments which infringe upon fundamental rights cannot be passed. Of special significance for law students and practitioners, this book is also an ideal guide for anyone interested in the changes made to Indian laws down the years, and the evolution of the judicial system to what it is today. aJudgements9216169 aConstitutional Values9216170 aSocial perspective9216171 aCourts9216172 2ddccBK c234543d234543 00102ddc40708PSaALbALd2025-06-23eNavakarnataka Publications Pvt Ltd Mangaluru-575001g400.00l0o347.54 GANLp077703r2025-06-26 09:26:21v500.00w2025-06-20yBK